000 00569nam a2200205Ia 4500
005 20250508162224.0
008 008 250505s9999 xx 000 0 eng d
020 _a0-08-019884-8
037 _aTextual
040 _aFEDL
_beng
_cFEDL
041 _aeng
_2eng
084 _a371.2, JUN
_qFEDL
100 _aJuniper Dean F
_9772597
245 0 _aDecision making for schools and colleges
260 _aOxford
_bPergamon Press
_c1976
300 _ax,301p.
650 _aSchool Administration
942 _cTEXL
_h371.2, JUN
999 _c1375195
_d1375195